000 00392nam a2200157Ia 4500
003 Ost
005 20260225132546.0
008 260225s9999||||xx |||||||||||||| ||und||
040 _cfsic
041 _afre
082 _a440
100 _aFokhnddin Daghestain
_eAuteur
245 0 _aBuilding codes and specifications for the Arab world /
245 0 _cFokhnddin Daghestain
942 _cكتاب
999 _c33830
_d33830